1860 1242 1971 1167 1311 1388 1020 1255 1546 1889 1945 1324 1275 1743 1937 1382 1862 1619 1890 1105 1307 1946 1218 1163 1126 1827 1166 1315 1933 1602 1521 1666 1609 1214 1070 1700 1814 1705 1847 1798 1920 1042 1775 1527 1415 1576 1114 1319 1525 1221 1854 1974 1566 1701 1546 1385 1121 1551 1786 1603 1208 1137 1420 1045 1990 1541 1187 1511 1192 1166 1711 1203 1979 1729 1833 1965 1510 1363 1558 1875 1675 1390 1930 1616 1114 1859 1333 1658 1817 1074 1718 1691 1141 1158 1462 1245 1449 2000 1537 BCNSPRNW ULIB Ver.6.0+V

เปลี่ยนเป็นภาษาไทย

Change to English
 แสดงรายละเอียดบรรณานุกรม
  กลับหน้าหลัก

Brief Record : Get Marc (ISO 2709) : E-mail record : QR code < ปิดหน้าต่าง
LEADER : 00000nam 2200000uu 4500
001    13399122496
003     ULIB
008    120321sมปป.||||th 000 0 tha d
020    ^a9786165000703
090    ^aนว.^bม415ห
100 0  ^aมุกเรียง
245 00 ^aห้วงรักนิรมิต/^cมุกเรียง
260    ^aกรุงเทพฯ :^bพิมพ์คำ,^cมปป.
300    ^a259 หน้า
710 1  ^aพิมพ์คำ
945    ^p180^l0^i19955
995    ^aทศพร
999    ^aใช้งานได้ทุกระบบ
รายการนี้ยังไม่มีแท็ก
คุณยังไม่ได้ล็อกอิน คุณสามารถมีกิจกรรมร่วมกับเว็บไซต์ได้ แต่ต้องล็อกอินก่อน ::
  ล็อกอิน

รายการสื่อสารสนเทศ

ลำดับที่ ประเภท เลขเรียก/บาร์โค้ด สถานที่ สถานะ
1. นวนิยาย
นวนิยาย
นว. ม415ห ฉ.1 
  Barcode: 19955
ห้องสมุดวิทยาเขตสวรรค์ประชารักษ์
►นวนิยาย
บนชั้น
  ขอยืม

รายการใกล้เคียง
    ผู้แต่ง [มุกเรียง]

BibComment


ยังไม่เคยถูกคอมเมนท์

คอมเมนท์ทรัพยากรรายการนี้
  คอมเมนท์: ห้วงรักนิรมิต มุ..


 Copyright 2026. Bcnsprnw @Library